02436nam a22003257a 4500999001700000003000900017008004100026040007100067082002700138245007200165260003300237300002900270440006300299505122800362650001901590650003901609650002901648650003001677650003401707650003601741700003601777700003501813700003301848700003401881700003801915700003301953942001201986945000801998952010402006 c22034d22034AR-CdUCM190425b ||||| |||| 00| 0 spa d aMUNICIPALIDAD PROVINCIAL DEL CUSCOcBIBLIOTECA MUNICIPAL DEL CUSCO aTupacAmaru/N°6-7/1966 aRevista Tupac Amaru :bÓrgano eventual de la provincia de Canas / aCusco :bH. G. Rozas,c1966. a145 páginas. :c28 cm. aRevista Tupac Amaru.nAño V, Vol. V, N°6-7, 1966947212 aContenido: Canas centro turístico. Octavio Linares. -- La cuadrilla. Lino Casafranca Gamarra. -- La revolución social de Tupac Amaru el Grande. Ernesto Valdivia Pezo. -- Rebaños mejorados e inseminación artificial en ovinos corriedale del departamento de Puno. Hernán Alencastre. -- El integracionismo latinoamericano. Luis Flores Caballero. -- La opinión que tuvieron los hombres más grandes sobre Tupac Amaru II. Claudio L. Lazo C. -- Las guerrillas indígenas de Chiyaraqe y Toqto. Mario A. Gilt Contreras. -- Campaña de alfabetización y educación. Delia Chiesa de Tagle. -- Proyecto de plan de estudios para la facultad de derecho y ciencias sociales. Alfredo Rossetti. -- Tupac Amaru y Cicerón. Alcides Estrada. -- Homenaje a Tupac Amaru. Juan de la Cruz Salas. -- El escritor cuzqueño. José Uriel García. Uriel Montufar. -- El Crédito Agrario. Pedro Valcárcel Gamarra. -- Proyecto de reorganización de la facultad de Ciencias Económicas y comerciales de la Universidad del Cuzco. Jorge Aguirre. -- Poesía. María Dora. -- Prosa. Julio Garrido Malaver. -- Documentos. Ley 15962, antecedentes discurso de diputado por el Cuzco. Lucio Muñiz Flores. -- Arte. Santiago Guillen.  aTurismo947213 aDerecho y Ciencias sociales947214 aMedicina física947215 aHistoria cusqueña95374 aLevantamientos andinos944095 aRebelión de Tupac Amaru96415 aCasafranca Gamarra, Lino946698 aValdivia Pezo, Ernesto 914881 aAlencastre, Hernán 947216 aFlores Caballero, Luis916743 aValcárcel Gamarra, Pedro946716 aMuñiz Flores, Lucio947217 2ddccPP avhl 002ddc4070aHEMbHEMcCARTd2022-02-15g10.00oTupacAmaru/N°6-7/1966pREVC000907r2022-02-15yPP